[Event "Michigan Open"]
[Site "Romulus, MI"]
[Date "2000.09.04"]
[Round "6.3"]
[White "Fischvogt, Eric"]
[Black "Geisleman, Dennis"]
[Result "1-0"]
[WhiteElo "2200"]
[BlackElo "2057"]
[PlyCount "93"]
[EventDate "2000.09.01"]

1. d4 d6 2. c4 e5 3. Nf3 e4 4. Nfd2 f5 5. Nc3 Nf6 6. e3 c5 7. Be2 Nc6 8. d5 Ne5
9. O-O g6 10. f4 Nf7 11. Rb1 h5 12. b4 Ng4 13. Bxg4 hxg4 14. g3 Bg7 15. Qc2 b6
16. bxc5 bxc5 17. Bb2 O-O 18. Nb5 Bd7 19. Bxg7 Kxg7 20. Rb3 a6 21. Nc3 g5 22.
Rfb1 gxf4 23. exf4 Qe7 24. Rb7 Rfe8 25. Nf1 Rad8 26. Ne3 Qf6 27. Ne2 Bc8 28.
Ra7 Kg6 29. Qc3 Re7 30. Qxf6+ Kxf6 31. Rxe7 Kxe7 32. Rb8 Bd7 33. Rb7 Ke8 34.
Ra7 Bc8 35. Kf2 Rd7 36. Ra8 Kd8 37. Nc3 Rb7 38. Nxf5 Rb2+ 39. Ke3 Kc7 40. Ne7
Bb7 41. Rf8 Nd8 42. Nxe4 Rxa2 43. f5 Rxh2 44. f6 Rh1 45. Ng6 Re1+ 46. Kd3 Bc8
47. Nxd6 1-0

[Event "Michigan Open Reserve"]
[Site "Romulus, MI"]
[Date "2000.09.04"]
[Round "7.46"]
[White "Finegold, Spencer"]
[Black "Saylor, Oliver"]
[Result "0-1"]
[WhiteElo "952"]
[BlackElo "1244"]
[Annotator "Jeff Aldrich"]
[PlyCount "84"]
[EventDate "2000.09.01"]

{Semi-Slav: Anti-Meran} 1. d4 d5 2. c4 c6 3. Nc3 Nf6 4. Nf3 e6 5. Bg5 h6 6. Bh4
Be7 7. e3 O-O 8. Bd3 dxc4 9. Bxc4 Nbd7 10. Qd2 ({More accurate is} 10. Qc2 {
white is stronger on the white squares.}) 10... Nd5 11. Bxe7 Nxe7 12. Rd1 Nf6
13. O-O Qc7 14. Rfe1 b6 15. Ne5 a6 16. Ne2 Bb7 17. Ng3 c5 18. Re2 $6 {This is
not a good place for the rook as it has nowhere to go but back.} Rad8 19. Qc3
Nc6 20. Nxc6 Qxc6 21. f3 b5 22. Bb3 Nd5 $6 23. Qxc5 Qxc5 24. dxc5 a5 25. Red2
Rc8 26. Bxd5 Bxd5 27. b3 ({Missing the tactical shot} 27. Nf5 Rc7 28. Rc1)
27... Rxc5 28. e4 Bc6 29. Ne2 e5 30. Nc1 b4 31. Nd3 Rb5 32. Rc2 Be8 33. Rc8 Kh7
34. Rc5 ({This position is screaming for} 34. Nb2 {followed by ...Nc4}) 34...
f6 35. Rxb5 Bxb5 36. Nf2 Rc8 37. g4 Be2 38. Rd5 Rc1+ 39. Kg2 Bf1+ 40. Kg3 Be2
41. Rxa5 $2 ({White should repeat the position with} 41. Kg2 {and make black
find a different move.}) 41... Rg1+ 42. Kh3 g5 {There is no way to stop ...Bf1#
} 0-1

[Event "Michigan Open Reserve"]
[Site "Romulus, MI"]
[Date "2000.09.04"]
[Round "6.54"]
[White "Finegold, Spencer"]
[Black "Mitchell, Dave"]
[Result "1/2-1/2"]
[WhiteElo "952"]
[BlackElo "1373"]
[PlyCount "42"]
[EventDate "2000.09.01"]

1. d4 Nf6 2. Nf3 g6 3. Bg5 Bg7 4. Nc3 d6 5. e4 O-O 6. Be2 Bg4 7. h3 Bd7 8. O-O
Re8 9. Re1 c5 10. dxc5 dxc5 11. Qd2 Bc6 12. Qxd8 Rxd8 13. e5 Nfd7 14. Bxe7 Re8
15. Bf6 Nxf6 16. exf6 Bxf6 17. Rad1 Nd7 18. Nd5 Bxd5 19. Rxd5 Rad8 20. Red1
Rxe2 21. Rxd7 Ree8 1/2-1/2

[Event "Michigan Open"]
[Site "Romulus, MI"]
[Date "2000.09.04"]
[Round "6.13"]
[White "Finegold, Mark"]
[Black "Beckwith, Stan"]
[Result "1/2-1/2"]
[WhiteElo "2266"]
[BlackElo "1746"]
[PlyCount "81"]
[EventDate "2000.09.01"]

1. e4 c5 2. c3 d6 3. d4 cxd4 4. cxd4 Nf6 5. Nc3 e6 6. Nf3 b6 7. Bb5+ Bd7 8. Bf4
Be7 9. Bd3 Bc6 10. O-O Nh5 11. Bg3 Nxg3 12. hxg3 Nd7 13. Re1 e5 14. Rc1 Bb7 15.
dxe5 Nxe5 16. Qa4+ Bc6 17. Bb5 Nxf3+ 18. gxf3 Bxb5 19. Nxb5 O-O 20. Nc7 Rc8 21.
Qxa7 Qd7 22. Rc2 Bd8 23. Rec1 f5 24. Nb5 Qxa7 25. Nxa7 Ra8 26. Nc8 Rxa2 27.
Nxd6 fxe4 28. fxe4 Bf6 29. b4 Ra3 30. Rd1 Rb3 31. b5 Be5 32. Rc6 Bxd6 33. Rcxd6
Rxb5 34. Re1 Rb2 35. f4 Rc8 36. Ra1 Rcc2 37. Rd7 Rg2+ 38. Kf1 Rgf2+ 39. Ke1 h6
40. Raa7 Rh2 41. Rxg7+ 1/2-1/2

[Event "Michigan Open"]
[Site "Romulus, MI"]
[Date "2000.09.04"]
[Round "7.1"]
[White "Finegold, Ben"]
[Black "Fischvogt, Eric"]
[Result "1-0"]
[WhiteElo "2562"]
[BlackElo "2200"]
[PlyCount "51"]
[EventDate "2000.09.01"]

1. d4 d5 2. c4 e6 3. Nc3 Nf6 4. Bg5 Be7 5. e3 O-O 6. Nf3 h6 7. Bxf6 Bxf6 8. Qd2
c6 9. Rd1 Nd7 10. Be2 dxc4 11. Bxc4 e5 12. Bxf7+ Kxf7 13. dxe5 Be7 14. Qc2 Qb6
15. e6+ Kxe6 16. Qg6+ Rf6 17. Qxg7 Rxf3 18. gxf3 Nf6 19. Qxh6 Qxb2 20. Ne4 Qb4+
21. Kf1 Qb5+ 22. Kg2 Qh5 23. Rd6+ Bxd6 24. Qxf6+ Kd5 25. Nc3+ Kc5 26. Qd4# 1-0

[Event "Michigan Open"]
[Site "Romulus, MI"]
[Date "2000.09.04"]
[Round "6.10"]
[White "Drysdale, Gilbert"]
[Black "Roe, Philip"]
[Result "1/2-1/2"]
[WhiteElo "1813"]
[BlackElo "2010"]
[PlyCount "65"]
[EventDate "2000.09.01"]

1. c4 g6 2. g3 Bg7 3. Bg2 d6 4. Nc3 e5 5. d3 Nc6 6. e4 Nge7 7. Nge2 O-O 8. O-O
Be6 9. Nd5 Qd7 10. Bh6 f5 11. Qd2 Rf7 12. f3 Nd4 13. Nxe7+ Qxe7 14. Nxd4 Bxh6
15. Qxh6 exd4 16. f4 fxe4 17. Bxe4 c6 18. Rae1 Qf6 19. Qg5 Qxg5 20. fxg5 Rxf1+
21. Rxf1 Bh3 22. Rf2 Rf8 23. b4 a6 24. a4 Rxf2 25. Kxf2 Kf7 26. a5 Ke6 27. Ke2
Ke5 28. Bf3 Be6 29. h4 d5 30. c5 Bf5 31. Kd2 Bh3 32. Ke2 Kf5 33. Kf2 1/2-1/2

[Event "Michigan Open"]
[Site "Romulus, MI"]
[Date "2000.09.04"]
[Round "6.14"]
[White "Drake, Robert"]
[Black "Mazuchowski, Tom"]
[Result "1-0"]
[WhiteElo "1878"]
[BlackElo "2096"]
[PlyCount "167"]
[EventDate "2000.09.01"]

1. e4 c5 2. Nf3 Nc6 3. d3 g6 4. Nbd2 Bg7 5. c3 d6 6. Be2 e5 7. O-O Nge7 8. Re1
O-O 9. Nf1 d5 10. Qc2 h6 11. Ne3 d4 12. cxd4 cxd4 13. Nc4 b5 14. Na3 a6 15. Nd2
Be6 16. Nb3 Bxb3 17. Qxb3 Qd6 18. Bd2 Rfc8 19. Rec1 Bf8 20. Rc2 Kg7 21. Rcc1
Qd7 22. Nc2 a5 23. Ne1 Qb7 24. f4 a4 25. Qd1 Qb8 26. g3 Ra7 27. Nf3 f6 28. Qf1
Nd8 29. Rxc8 Nxc8 30. Qh3 Bd6 31. fxe5 Bxe5 32. Qxh6+ Kg8 33. Nxe5 Qxe5 34. Bf4
Qe8 35. Qh3 Ne7 36. Bg4 g5 37. Bd6 Ng6 38. Bc5 Rh7 39. Qf1 Qe5 40. Rc1 Nb7 41.
Qf5 Qxf5 42. Bxf5 Rc7 43. Bxg6 Rxc5 44. Rf1 Kg7 45. Be8 Nd6 46. Bd7 Nf7 47. b4
axb3 48. axb3 b4 49. Be6 Ne5 50. Bc4 Ra5 51. h3 Ra3 52. Rd1 Ra7 53. Rf1 g4 54.
hxg4 Nxg4 55. Rf5 Ra1+ 56. Rf1 Ra3 57. Rd1 Ne5 58. Kf1 Ra7 59. Kg1 Nf3+ 60. Kf1
Kg6 61. Be6 Rh7 62. Bg4 Ne5 63. Be2 Rh1+ 64. Kg2 Rxd1 65. Bxd1 Nxd3 66. Kf3 Kg5
67. Ke2 Nc5 68. Kf3 Nd7 69. Be2 Ne5+ 70. Kf2 Kg6 71. Bd1 Kf7 72. g4 Ke6 73. Kg3
Nf7 74. Kf4 Ne5 75. Kg3 Ng6 76. Bc2 Ke5 77. Kf3 Nf8 78. Bd3 Ne6 79. Bc2 Nc5 80.
Ke2 Nxe4 81. Kd3 Nd6 82. Bd1 Kd5 83. Bf3+ Kc5 84. Bd1 1-0

[Event "Michigan Open Reserve"]
[Site "Romulus, MI"]
[Date "2000.09.04"]
[Round "6.56"]
[White "Dolin, Jack"]
[Black "LaFerriere, Adam"]
[Result "1-0"]
[WhiteElo "1314"]
[BlackElo "851"]
[PlyCount "75"]
[EventDate "2000.09.01"]

1. d4 d5 2. Nf3 Nf6 3. c4 e6 4. Nc3 Bb4 5. Bg5 Bxc3+ 6. bxc3 O-O 7. e3 Nbd7 8.
Ne5 c6 9. cxd5 cxd5 10. Qa4 Qb6 11. Bb5 Nxe5 12. Bxf6 gxf6 13. dxe5 fxe5 14.
Qg4+ Kh8 15. Bd3 Qa5 16. Qb4 Qxb4 17. cxb4 e4 18. Bb5 Rd8 19. Ba4 Bd7 20. Bxd7
Rxd7 21. Rc1 a5 22. b5 b6 23. Rc6 Rb8 24. Kd2 Rbb7 25. Rhc1 Kg7 26. f3 exf3 27.
gxf3 Kf6 28. Kd3 Kg5 29. Kd4 Kh4 30. Rg1 Kh3 31. Rc2 Rbc7 32. Rg3+ Kh4 33. Rcg2
Rc4+ 34. Ke5 h5 35. Kf6 Rb4 36. Rg7 Rxb5 37. Rxf7 Rxf7+ 38. Kxf7 {Next move is
38... e4 on both scoresheets.} 1-0

[Event "Michigan Open"]
[Site "Romulus, MI"]
[Date "2000.09.04"]
[Round "6.15"]
[White "Dodaj, Gjergj"]
[Black "Skidmore, Mike"]
[Result "0-1"]
[WhiteElo "1926"]
[BlackElo "1800"]
[PlyCount "156"]
[EventDate "2000.09.01"]

1. e4 c6 2. d4 d5 3. Nc3 dxe4 4. Nxe4 Bf5 5. Ng3 Bg6 6. Nf3 e6 7. Bd3 Bxd3 8.
Qxd3 Nd7 9. O-O Ngf6 10. Bf4 Be7 11. Rad1 O-O 12. c4 Nb6 13. Rfe1 Qc8 14. Be5
Rd8 15. Ng5 Nbd7 16. Nh5 h6 17. Nxf6+ Nxf6 18. Nf3 c5 19. Qc2 cxd4 20. Nxd4 a6
21. Qe2 Qc5 22. b3 Nd7 23. Bg3 Nf6 24. Be5 Nd7 25. Bf4 Nf6 26. Be3 Qh5 27. Qxh5
Nxh5 28. Nc2 Nf6 29. f3 b5 30. cxb5 axb5 31. Nd4 Nd5 32. Nc6 Rd7 33. Nxe7+ Rxe7
34. Bxh6 Nc3 35. Rd3 b4 36. Bd2 Rxa2 37. Bxc3 bxc3 38. Rxc3 Rd7 39. f4 Rdd2 40.
Rg3 Rab2 41. h3 Kf8 42. Re4 Rd1+ 43. Kh2 Rbb1 44. Rc3 Rd2 45. Rb4 Rbb2 46. Rg3
g6 47. Rb7 Kg7 48. Rg5 Rd4 49. Rg4 Rf2 50. f5 Rxg4 51. hxg4 gxf5 52. gxf5 Rxf5
53. Rd7 Rb5 54. Rd3 Kf6 55. Kg3 Rb4 56. Re3 e5 57. Kf3 Ke6 58. Ke2 f5 59. Kd2
f4 60. Rh3 Kf5 61. Kc3 Rd4 62. Rd3 Re4 63. Rd2 Kg4 64. b4 Re1 65. Rb2 e4 66. b5
e3 67. b6 e2 68. Kd3 f3 69. Ke4 fxg2 70. b7 g1=Q 71. b8=Q Qg2+ 72. Kd3 Rd1+ 73.
Kc4 Qe4+ 74. Kb5 Rd5+ 75. Ka6 Qc4+ 76. Kb6 Qc5+ 77. Kb7 Rd7+ 78. Ka6 Qa3+ 0-1

[Event "Michigan Open Reserve"]
[Site "Romulus, MI"]
[Date "2000.09.04"]
[Round "7.47"]
[White "Culverson, Javin"]
[Black "Choate, Eric"]
[Result "0-1"]
[WhiteElo "936"]
[BlackElo "1242"]
[PlyCount "68"]
[EventDate "2000.09.01"]

1. e4 e5 2. Nf3 Nc6 3. Bc4 Bc5 4. d3 h6 5. Nc3 Nf6 6. Be3 Bxe3 7. fxe3 O-O 8.
O-O d6 9. a3 Bg4 10. Qd2 Qe7 11. Nd5 Nxd5 12. Bxd5 Nd8 13. h3 Be6 14. Bxe6 Nxe6
15. c4 Nc5 16. b4 Nb3 17. Qc3 Nxa1 18. Rxa1 b6 19. Nd2 f5 20. a4 Qh4 21. Nf3
Qg3 22. exf5 Rxf5 23. Kh1 Raf8 24. Rf1 R8f6 25. Qc2 Rg6 26. Rf2 c6 27. d4 e4
28. Qxe4 Qxf2 29. Nh4 Rgf6 30. Nxf5 Qxf5 31. Qxc6 Qe6 32. Qa8+ Kh7 33. Qxa7
Qxe3 34. Qxb6 Rf1+ 0-1

[Event "Michigan Open Reserve"]
[Site "Romulus, MI"]
[Date "2000.09.04"]
[Round "6.42"]
[White "Cox, Nick"]
[Black "Grzegorczyk, Ron"]
[Result "0-1"]
[WhiteElo "1213"]
[BlackElo "1527"]
[PlyCount "104"]
[EventDate "2000.09.01"]

{Sicilian} 1. e4 c5 2. Nf3 Nc6 3. Bc4 e6 4. O-O g6 5. d4 cxd4 6. Nxd4 Bg7 7.
Be3 Nge7 8. Qd2 O-O 9. Nc3 Ne5 10. Be2 d5 11. exd5 Nxd5 12. Nxd5 Qxd5 13. c3
Nc4 14. Bxc4 Qxc4 15. Bh6 b6 16. Bxg7 Kxg7 17. Rfe1 Bb7 18. Qf4 Qd5 19. Qe5+
Qxe5 20. Rxe5 Rfd8 21. Rd1 Kf6 22. Ree1 Bd5 23. b3 a6 24. c4 Bb7 25. Nc2 Ke7
26. Ne3 Rac8 27. h3 a5 28. a3 Rc7 29. b4 Rcd7 30. bxa5 Rxd1 31. Rxd1 Rxd1+ 32.
Nxd1 bxa5 33. Kf1 Kd6 34. Ke2 f5 35. g3 e5 36. Ke3 Kc5 37. Kd3 h5 38. h4 Be4+
39. Kc3 f4 40. gxf4 exf4 41. Nb2 g5 42. hxg5 h4 43. Nd3+ Bxd3 44. Kxd3 h3 45.
g6 h2 46. g7 h1=Q 47. g8=Q Qf3+ 48. Kc2 Qxf2+ 49. Kd3 Qe3+ 50. Kc2 Qe2+ 51. Kc3
Qe1+ 52. Kd3 Qg3+ 0-1

[Event "Michigan Open Reserve"]
[Site "Romulus, MI"]
[Date "2000.09.04"]
[Round "7.24"]
[White "Corbeill, Joe"]
[Black "Aldrich, Justin"]
[Result "1-0"]
[WhiteElo "1736"]
[BlackElo "1584"]
[Annotator "Jeff Aldrich"]
[PlyCount "73"]
[EventDate "2000.09.01"]

{Queen's Pawn: Zukertort (Chigorin)} 1. Nf3 Nc6 2. d4 d5 3. e3 Nf6 4. c4 e6 5.
Nc3 Bb4 6. Bd2 O-O 7. Rc1 Ne7 8. a3 Bxc3 9. Bxc3 c6 10. c5 Ne4 11. Bd3 Nxc3 12.
Rxc3 f5 13. b4 Qe8 14. Ng5 Qg6 15. f4 h6 16. Nf3 Qxg2 {A pawn is always worth
a little trouble. I think this was more than black bargained for.} 17. Rg1 Qh3
18. Rg3 Qh5 19. Rc2 Rf6 ({Probably a better way to defend is} 19... Kh8 {
followed by 20... Rg8}) 20. Bf1 Qe8 21. Ne5 g6 22. Rcg2 Kh7 23. Kf2 h5 $2 {
Just another king-side weakness. He was better off tyring some queen-side
counter-play and waiting for white to make his move.} 24. Be2 Kh6 25. Qg1 b5
26. Rh3 Bb7 27. Rg5 Rc8 28. Qg3 Rc7 29. Qh4 Ng8 {DIAGRAM} 30. Bxh5 {Actually,
w hite could have broke open the king-side at anytime the last five moves. Not
like there was any need to hurry as black had no good defense.} Kg7 31. Bxg6
Rxg6 32. Qh7+ Kf8 33. Nxg6+ Qxg6 34. Qxg6 Ne7 35. Rh8+ Ng8 36. Rxg8+ Ke7 37.
Qg7# 1-0

[Event "Michigan Open Reserve"]
[Site "Romulus, MI"]
[Date "2000.09.04"]
[Round "6.46"]
[White "Cooper, Rene"]
[Black "Solski, Jeff"]
[Result "0-1"]
[WhiteElo "1106"]
[BlackElo "1486"]
[Annotator "Jeff Aldrich"]
[PlyCount "70"]
[EventDate "2000.09.01"]

{Indian} 1. d4 Nf6 2. e3 g6 3. Bd3 Bg7 4. f4 d5 5. Nd2 Na6 6. c3 c5 7. b3 Ng4
8. Ndf3 f5 9. Qe2 O-O 10. Ba3 cxd4 11. exd4 Re8 12. h3 Nf6 13. Qc2 Nh5 14. Ne2
Nxf4 $6 {Played based on the fact that the king is still on the e-file. It
shouldn't work because black's pieces are not ready to take advantage of the
exposed king.} 15. Nxf4 e5 16. Nxe5 Bxe5 17. Nxg6 $4 ({White should just be
happy to take the piece with} 17. dxe5 Rxe5+ 18. Ne2 {and he will still be
able to castle.}) 17... Bg3+ 18. Kd1 hxg6 19. Bc1 Re6 20. Rf1 Qh4 21. Bd2 Bd7
22. Kc1 Nb4 23. cxb4 Rc8 24. Bc3 Be1 25. Kb2 $2 ({White has atleast a chance
with} 25. Rxe1) 25... Bxc3+ 26. Qxc3 Rxc3 27. Kxc3 Rc6+ 28. Kb2 Qxd4+ 29. Ka3
Qxd3 30. Rad1 Qc3 31. Rxd5 Ra6+ 32. Ra5 Rxa5+ 33. bxa5 Qxa5+ 34. Kb2 Qd2+ 35.
Ka1 Qc3+ 0-1

[Event "Michigan Open"]
[Site "Romulus, MI"]
[Date "2000.09.04"]
[Round "6.18"]
[White "Comstock, Ron"]
[Black "Thomas, Courtney"]
[Result "1-0"]
[WhiteElo "1872"]
[BlackElo "1091"]
[PlyCount "99"]
[EventDate "2000.09.01"]

1. Nf3 Nf6 2. d4 d5 3. c4 c6 4. Nc3 Bf5 5. cxd5 cxd5 6. Qb3 Bc8 7. Bg5 e6 8. e3
Be7 9. Bd3 Nbd7 10. O-O O-O 11. Rac1 a6 12. e4 b5 13. e5 Ne8 14. Bxe7 Qxe7 15.
a4 b4 16. Ne2 Nb6 17. Qc2 Bb7 18. a5 Rc8 19. Qb3 Rxc1 20. Rxc1 Na8 21. Rc5 Nec7
22. Qxb4 Nb5 23. Bxb5 axb5 24. Rxb5 Qxb4 25. Rxb4 Ba6 26. Nc3 Rc8 27. Nd2 Rc7
28. Rb8+ Rc8 29. Rxc8+ Bxc8 30. b4 Bd7 31. b5 Nc7 32. b6 Na6 33. Nb3 Nb8 34.
Nc5 Bc6 35. a6 Ba8 36. b7 Bxb7 37. axb7 Kf8 38. Nb5 Ke7 39. Nc7 Kd8 40. N7a6
Nc6 41. b8=Q+ Nxb8 42. Nxb8 Kc7 43. Nbd7 Kc6 44. Kf1 Kb5 45. Ke2 Kc4 46. Ke3 f5
47. exf6 gxf6 48. Nxf6 e5 49. dxe5 Kxc5 50. f4 1-0

[Event "Michigan Open"]
[Site "Romulus, MI"]
[Date "2000.09.04"]
[Round "6.6"]
[White "Ciaffone, Bob"]
[Black "Garrison, Ray"]
[Result "0-1"]
[WhiteElo "2213"]
[BlackElo "2002"]
[Annotator "Bob Ciaffone"]
[PlyCount "79"]
[EventDate "2000.09.01"]

1. Nf3 {This was my best game from the 2000 Michigan Open. My opponent played
quite well, getting a dangerous-looking attack on my king, However, I was able
to come up with the right moves to refute his ideas. But this game was also
the most upsetting, because a hallucination in time pressure snatched defeat
away from the jaws of victory. Here is how it happened.} f5 {The Dutch Defense,
which still appears in grandmaster games from time to time.} 2. g3 g6 {This
fianchetto by black is the Leningrad Variation, favored by Michigan player
Dave Hahn, among others. In by opinion it is the best Dutch line for black.} 3.
Bg2 Bg7 4. d4 d6 5. c4 Nf6 6. Nc3 O-O 7. O-O Nc6 {More usual is 7...Qe8, but
this line has never been refuted.} 8. d5 {Natural and best.} Ne5 9. Nxe5 dxe5
10. e4 {Another route for white, possibly better, is 10.Qb3.} f4 11. gxf4 exf4
{The gambit 11...Nh5 is another way, which Hahn thinks is black's best here.}
12. Bxf4 Nxe4 13. Ne2 $1 {There are more games with 13.Nxe4, but this is
better, getting an exclamation in Harding's Dutch book.} Nd6 $1 {Harding also
likes this and gives it an exclamation point.} 14. Qb3 $1 e5 $1 {This is a
novelty, and a good one.} 15. Bg3 a5 $6 {After a series of good moves, black
falters. Possible was 15...b6 to stop c5. If black is willing to allow c5, he
should play 15...Kh8 here. We will see that the white queen is strong on b4,
whereas the black pawn does nothing on a4, and the black king should have been
tucked away in the corner.} 16. c5 a4 17. Qb4 Nf7 {More natura l was 17...Nf5,
but Garrison's idea is very interesting; a direct attack on the white king
after trading white-squared bishops.} 18. Nc3 Ng5 19. Rad1 Bh3 20. d6 Bxg2 21.
Kxg2 Qd7 22. Qxb7 Qh3+ 23. Kh1 cxd6 24. cxd6 Rad8 {We see the esults of
black's plan. White has a winning ending if he can get to it, as the passed
d-pawn will be decisive. Black's play against the king is not working because
the white queen is able to participate in the defense. One wonders how
Garrison's plan would have worked if he had tucked his king away, as a
white-squared check seems to save white in every variation here.} 25. Rfe1 $1 {
The strong move which should have sealed black's fate. Now 25...Nf3 is met by
26.Re3 staying active, and an exchange sacrifice Rxe5 is very much in the
picture.} Rf3 26. Qd5+ Kf8 {Looks odd, but 26...Kh8 is strongly met by 27.Rxe5!
} 27. Re3 Qg4 28. Rxf3+ Nxf3 29. Qe4 Qh5 30. d7 Nd4 31. Rxd4 $1 {I was in time
pressure, but this exchange sacrifice was easy to find.} exd4 32. Qe6 $4 {My
original idea had been 32.Bd6+, which I saw won after 32... Kg8. Then I saw
that black could go to f7 with his king instead, and for some stupid reason I
overlooked the fact that I had a check available by Qf7, winning. This error
would have been found, had I not noticed that the move 32. Qe6 cuts off all
the black king's retreat squares. "Then he cannot stop the bishop check, which
will mate," I calculated. But there was a big hole in this analysis.} (32. Bd6+
$1 Kg8 (32... Kf7 33. Qe7+ Kg8 34. Qxd8+) 33. Qe6+ Kh8 34. Qe8+ Bf8 35. Be5+
Qxe5 36. Qxe5+ Kg8 37. Qxd4) 32... Qf3+ {Now the terr ible truth dawned on me;
there was no mate, because the black queen comes to f7, giving him an excape
square on g8.} 33. Kg1 Qf7 34. Qd6+ Qe7 35. Qxe7+ Kxe7 36. Bh4+ {This wins
back the exchange, but I had overlooked something here too.} Kxd7 37. Bxd8 dxc3
$1 {This in-between move wins a piece for black.} 38. bxc3 Kxd8 39. c4 Kc7 40.
Kf1 {And white resigned here.} 0-1

[Event "Michigan Open Reserve"]
[Site "Romulus, MI"]
[Date "2000.09.04"]
[Round "6.58"]
[White "Choate, Eric"]
[Black "Jaskot, Allan"]
[Result "1-0"]
[WhiteElo "1242"]
[BlackElo "1260"]
[PlyCount "131"]
[EventDate "2000.09.01"]

1. e4 e5 2. Nf3 Nc6 3. Bc4 Nf6 4. d3 d5 5. exd5 Nxd5 6. O-O Bg4 7. h3 Bh5 8.
Nbd2 Be7 9. c3 Nf4 10. Ne4 g5 11. Ng3 Bg6 12. Ne4 Bh5 13. Kh2 g4 14. hxg4 Bxg4
15. Re1 Rg8 16. Bxf4 Rg6 17. Be3 Bh5 18. Ng3 Bg4 19. Kg1 Bh4 20. Kh2 Bxg3+ 21.
fxg3 Qf6 22. Qe2 O-O-O 23. Qf2 Rdg8 24. Nh4 Rh6 25. Qxf6 Rxf6 26. Rf1 Rxf1 27.
Rxf1 Rf8 28. Rxf7 Rxf7 29. Bxf7 h5 30. Bg6 Ne7 31. Be4 Ng8 32. Bf5+ Kd8 33.
Bg5+ Ne7 34. Bxe7+ Kxe7 35. Bxg4 hxg4 36. Kg1 Kf6 37. Kf2 c6 38. Ke3 b6 39. d4
exd4+ 40. Kxd4 a6 41. b4 a5 42. bxa5 bxa5 43. Kc5 Ke5 44. c4 a4 45. Kxc6 a3 46.
Kc5 Ke4 47. Kb4 Kd4 48. Nf5+ Ke5 49. Kxa3 Kxf5 50. c5 Ke5 51. Kb4 Ke6 52. Kb5
Kd7 53. Kb6 Kc8 54. c6 Kb8 55. c7+ Kc8 56. a4 Kd7 57. Kb7 Ke8 58. c8=Q+ Kf7 59.
Qxg4 Kf6 60. Kc6 Ke5 61. a5 Kf6 62. Kd6 Kf7 63. Qf5+ Ke8 64. Qh7 Kf8 65. Ke6
Ke8 66. Qe7# 1-0

[Event "Michigan Open Reserve"]
[Site "Romulus, MI"]
[Date "2000.09.04"]
[Round "6.28"]
[White "Carr, Jay"]
[Black "Corbeill, Joe"]
[Result "1/2-1/2"]
[WhiteElo "1600"]
[BlackElo "1736"]
[PlyCount "77"]
[EventDate "2000.09.01"]

1. c4 Nf6 2. Nc3 c5 3. g3 Nc6 4. Bg2 g6 5. e3 Ne5 6. b3 Nd3+ 7. Ke2 Nxc1+ 8.
Rxc1 Bg7 9. Nf3 O-O 10. Re1 d6 11. Kf1 Bg4 12. h3 Bd7 13. Ne2 Rb8 14. d4 Qc8
15. Nfg1 e5 16. d5 b5 17. e4 b4 18. Rc2 h5 19. f4 Nh7 20. Nc1 f5 21. Rf2 Rf7
22. Nd3 Qf8 23. Ree2 fxe4 24. Bxe4 Bf5 25. Qc2 Bxe4 26. Rxe4 Nf6 27. Ree2 e4
28. Ne1 Re8 29. Ng2 Rfe7 30. Ne3 Nd7 31. Kg2 Bd4 32. Rf1 Qh6 33. Qc1 Rf7 34. h4
Nf6 35. Nh3 Nh7 36. Nf2 Nf6 37. Nh3 Nh7 38. Nf2 Nf6 39. Nh3 1/2-1/2

[Event "Michigan Open Reserve"]
[Site "Romulus, MI"]
[Date "2000.09.04"]
[Round "6.53"]
[White "Carpenter, George"]
[Black "Vasos, John"]
[Result "0-1"]
[WhiteElo "1400"]
[BlackElo "1092"]
[PlyCount "116"]
[EventDate "2000.09.01"]

1. Nf3 d5 2. g3 g6 3. Bg2 Bg7 4. O-O Nf6 5. d3 c6 6. Nbd2 O-O 7. c3 Nbd7 8. Qc2
Nb6 9. e4 Bd7 10. e5 Nh5 11. d4 Bf5 12. Qb3 Bd3 13. Re1 e6 14. Re3 Ba6 15. Qc2
Bh6 16. Re1 f5 17. exf6 Rxf6 18. Ne5 Nd7 19. Ndf3 Bxc1 20. Qxc1 Qe7 21. Qh6
Rff8 22. Nxd7 Qxd7 23. Bh3 Qg7 24. Qxg7+ Nxg7 25. Ng5 Rae8 26. f4 b5 27. Re5 h6
28. Nf3 Kf7 29. Rae1 Bc8 30. Kg2 Ke7 31. Nd2 a5 32. b3 Kd6 33. a3 Rf7 34. c4 b4
35. cxd5 cxd5 36. a4 Rc7 37. g4 Rc2 38. R1e2 Rc3 39. f5 gxf5 40. gxf5 Nxf5 41.
Nf3 Rg8+ 42. Kf2 Rxf3+ 43. Kxf3 Nxd4+ 44. Kf2 Nxe2 45. Rxe2 Rf8+ 46. Kg2 Rf6
47. Rc2 Bb7 48. Kg3 d4 49. Rc4 e5 50. Bg2 Bxg2 51. Kxg2 d3 52. Rc1 e4 53. Rf1
Rxf1 54. Kxf1 e3 55. Ke1 Kd5 56. h4 Kd4 57. h5 Kc3 58. Kd1 Kxb3 0-1

[Event "Michigan Open Reserve"]
[Site "Romulus, MI"]
[Date "2000.09.04"]
[Round "6.47"]
[White "Buckles, Mark"]
[Black "Livschitz, Louiza"]
[Result "0-1"]
[WhiteElo "1020"]
[BlackElo "1431"]
[PlyCount "36"]
[EventDate "2000.09.01"]

1. d4 d5 2. c4 e6 3. Nc3 Nf6 4. Bg5 Be7 5. e3 O-O 6. Nf3 h6 7. Bxf6 Bxf6 8.
cxd5 exd5 9. g3 Be6 10. Qb3 b6 11. Rc1 c5 12. Bg2 Nc6 13. Nd2 cxd4 14. Nxd5 Na5
15. Nxf6+ Qxf6 16. Qa4 dxe3 17. Bxa8 Qxf2+ 18. Kd1 Qxd2# 0-1